书目信息 |
| 题名: |
电子系统设计
|
|
| 作者: | 余小平 , 奚大顺 编著 | |
| 分册: | 基础篇 | |
| 出版信息: | 北京 北京航空航天大学出版社 2007 |
|
| 页数: | 382页 | |
| 开本: | 26cm | |
| 丛书名: | ||
| 单 册: | ||
| 中图分类: | TN02 | |
| 科图分类: | ||
| 主题词: | 电子系统--系统设计--高等教育--教材 | |
| 电子资源: | ||
| ISBN: | 978-7-81077-993-7 | |
| 000 | 01049nam0 2200301 450 | |
| 001 | 012004129492 | |
| 005 | 20080229101855.78 | |
| 009 | 012004129492 | |
| 010 | @a978-7-81077-993-7@dCNY32.00 | |
| 035 | @a(110019)012007011085 | |
| 100 | @a20070427d2007 em y0chiy0110 ea | |
| 101 | 0 | @achi |
| 102 | @aCN@b110000 | |
| 105 | @ay z 000yy | |
| 106 | @ar | |
| 200 | 1 | @a电子系统设计@Adian zi xi tong she ji@i基础篇@f余小平,奚大顺编著 |
| 210 | @a北京@c北京航空航天大学出版社@d2007 | |
| 215 | @a382页@d26cm | |
| 300 | @a“十一五”高等院校规划教材 | |
| 312 | @a封面英文题名:Electronic system design | |
| 330 | @a本书介绍如何进行电子系统设计,综合了模拟电路、数字电路、MCU、ASIC、EDA等知识;从设计的角度出发,以元器件应用为切入点,以新知识、新器件、新技术为核心,紧密结合工程实践。 | |
| 510 | 1 | @aElectronic system design@zeng |
| 606 | 0 | @a电子系统@x系统设计@x高等教育@j教材 |
| 690 | @aTN02@v4 | |
| 701 | 0 | @a余小平@Ayu xiao ping@4编著 |
| 701 | 0 | @a奚大顺@Axi da shun@4编著 |
| 801 | 0 | @aCN@b110019@c20080229 |
| 905 | @dTN02@e102@f4 | |
| 电子系统设计.基础篇/余小平,奚大顺编著.-北京:北京航空航天大学出版社,2007 |
| 382页;26cm |
| “十一五”高等院校规划教材 |
| ISBN 978-7-81077-993-7:CNY32.00 |
| 本书介绍如何进行电子系统设计,综合了模拟电路、数字电路、MCU、ASIC、EDA等知识;从设计的角度出发,以元器件应用为切入点,以新知识、新器件、新技术为核心,紧密结合工程实践。 |
| ● |
| 相关链接 |
|
|
|
|
正题名:电子系统设计
索取号:TN02/102
 
预约/预借
| 序号 | 登录号 | 条形码 | 馆藏地/架位号 | 状态 | 备注 |
| 1 | 0793110 | 207931103 | 第二样本阅览室/ [索取号:TN02/102] | 在馆 | |
| 2 | 0793111 | 207931112 | 第三借阅区/ [索取号:TN02/102] | 在馆 | |
| 3 | 0793112 | 207931121 | 第三借阅区/ [索取号:TN02/102] | 在馆 | |
| 4 | 0793113 | 207931130 | 密集书库2/ [索取号:TN02/102] | 在馆 |